000 00690nam a2200253 i 4500
001 C2-0301011
003 PPAK
005 20180728082416.0
008 091130s2007 xx a|||| ||||| | may d
020 _a9833913473
040 _aPPAK
_beng
_cPPAK
_erda
082 0 4 _a398.2
_223
090 0 0 _a398.2
_bSIN
_dK
245 0 0 _aSinga & tikus
264 1 _bTeachatot Publications ,
_c2007
300 _a15 pages :
_bcolour illustrations ;
_c30 cm
336 _2rdacontent
_atext
337 _2rdamedia
_aunmediated
338 _2rdacarrier
_avolume
490 1 _aSiri keadilan di belantara
650 1 0 _aFolk literature - Malay
830 0 _aSiri keadilan di belantara
942 _ddc
_cB
999 _c104836
_d104836